00570nas a2200181 i 4500001000700000003000900007005001700016008004100033080000800074080000700082245006100089260004800150300002900198310001000227500010900237740002900346852001300375170214ES-MaACL20250709062530.0090212d1898 sp | | 1 |spa d a460 a3700aNúmero-almanaque para 1898 de el Magisterio español. aMadrid : bEl Magisterio Español, c1898. a16 p. : bil. ; c35 cm. aAnual aCorresponde a los n. 2125-2126, 5 de enero de 1898, Año XXXII, 3ª época de El Magisterio español.32aEl Magisterio español. aES-MaACL